[Event "Sparkassen-Open A"]
[Site "Heusenstamm, Martinsee"]
[Date "2022.11.20"]
[Round "7.30"]
[White "Eurich, Jannik"]
[Black "Buchinger, Alexis"]
[Result "1/2-1/2"]
[WhiteElo "1992"]
[BlackElo "1774"]
[PlyCount "57"]
[EventDate "2022.??.??"]
[WhiteTeam "SK Langen"]
[BlackTeam "SF Neuberg"]

1. e4 e5 2. Nf3 Nc6 3. Bb5 a6 4. Ba4 Nf6 5. O-O b5 6. Bb3 Be7 7. Re1 O-O 8. a4
Bb7 9. d3 d6 10. Nc3 b4 11. Ne2 Na5 12. Ba2 c5 13. Ng3 Bc8 14. c3 Rb8 15. h3
Be6 16. d4 b3 17. Bb1 Qc7 18. d5 Bd7 19. Nh2 c4 20. f4 Ne8 21. fxe5 dxe5 22.
Qf3 Bc5+ 23. Kh1 Nd6 24. Nh5 f6 25. Ng4 Bxg4 26. Qxg4 Kh8 27. Rf1 Qf7 28. Ng3
Qg6 29. Qf3 1/2-1/2

[Event "Sparkassen-Open A"]
[Site "Heusenstamm, Martinsee"]
[Date "2022.11.20"]
[Round "7.31"]
[White "Udelnov, Valentin"]
[Black "Wenzel, Calvin"]
[Result "1/2-1/2"]
[WhiteElo "1873"]
[BlackElo "1984"]
[PlyCount "64"]
[EventDate "2022.??.??"]
[WhiteTeam "Schachzwerge Magdeburg"]
[BlackTeam "SK 1980 Gernsheim"]

1. e4 e5 2. Nf3 Nc6 3. Bc4 Nf6 4. d3 Bc5 5. O-O O-O 6. h3 d6 7. c3 a6 8. a4 Ba7
9. Re1 h6 10. Nbd2 Ne7 11. Nf1 Ng6 12. Ng3 Re8 13. d4 Be6 14. Bf1 Nh7 15. a5
Ng5 16. Nxg5 hxg5 17. Be3 Nf4 18. b4 g6 19. d5 Bd7 20. c4 g4 21. hxg4 Qh4 22.
Bxa7 Rxa7 23. Ne2 Bxg4 24. f3 Bd7 25. Nxf4 exf4 26. Qd4 Raa8 27. e5 Qh8 28.
Qxf4 Rxe5 29. Rxe5 dxe5 30. Qh2 Qf6 31. Re1 Re8 32. c5 e4 1/2-1/2

[Event "Sparkassen-Open A"]
[Site "Heusenstamm, Martinsee"]
[Date "2022.11.20"]
[Round "7.32"]
[White "Stock, Jürgen"]
[Black "Glöckler, Christian"]
[Result "0-1"]
[WhiteElo "1825"]
[BlackElo "2051"]
[PlyCount "60"]
[EventDate "2022.??.??"]
[WhiteTeam "SC Steinbach"]
[BlackTeam "SC Lindenholzhausen"]

1. d4 Nf6 2. c3 g6 3. Bg5 Bg7 4. Nd2 d5 5. e3 c5 6. Bd3 h6 7. Bxf6 Bxf6 8. f4
Nc6 9. Ngf3 Qc7 10. Ne5 Bf5 11. Bxf5 gxf5 12. Nxc6 Qxc6 13. Nf3 Rg8 14. O-O
O-O-O 15. Qd3 e6 16. Rfc1 c4 17. Qe2 Rg6 18. b3 Rdg8 19. g3 h5 20. Nd2 h4 21.
bxc4 hxg3 22. h3 g2 23. cxd5 exd5 24. c4 Kb8 25. cxd5 Qe8 26. Nf3 Rg3 27. Ne5
Rxh3 28. Nf3 Qe7 29. Ng5 Bxg5 30. fxg5 Qxg5 0-1

[Event "Sparkassen-Open A"]
[Site "Heusenstamm, Martinsee"]
[Date "2022.11.20"]
[Round "7.33"]
[White "Hänselmann, Hendrik"]
[Black "Müller, Maximilian"]
[Result "1-0"]
[WhiteElo "2017"]
[BlackElo "1736"]
[PlyCount "75"]
[EventDate "2022.??.??"]
[WhiteTeam "Karlsruher SF"]
[BlackTeam "SC GEMA St.Ingbert"]

1. e4 e6 2. d4 d5 3. e5 c5 4. c3 Nc6 5. Nf3 Qb6 6. Be2 Nh6 7. Bxh6 Qxb2 8. Be3
Qxa1 9. Qc2 cxd4 10. Nxd4 Ba3 11. Nb5 Qb2 12. Qxb2 Bxb2 13. Nc7+ Kd7 14. Nxa8
b6 15. Kd2 Bb7 16. Kc2 Ba1 17. Na3 Rxa8 18. Rxa1 Nxe5 19. f4 Nc6 20. Kb2 f6 21.
Rd1 Ne7 22. g3 Bc6 23. Bg4 f5 24. Bf3 Rd8 25. Bd4 g6 26. Bf6 Rf8 27. Be5 Rd8
28. Rd2 Ke8 29. Nc2 Ba4 30. Nd4 Kf7 31. Re2 Bd7 32. h4 Nc6 33. Nxc6 Bxc6 34. h5
Ke7 35. hxg6 hxg6 36. Rh2 Rf8 37. Rh7+ Rf7 38. Rh6 1-0

[Event "Sparkassen-Open A"]
[Site "Heusenstamm, Martinsee"]
[Date "2022.11.20"]
[Round "7.34"]
[White "Steudel, Max"]
[Black "Vihan, Shourya"]
[Result "1/2-1/2"]
[WhiteElo "2043"]
[BlackElo "1661"]
[PlyCount "31"]
[EventDate "2022.??.??"]
[WhiteTeam "SC Brett vorm Kopp Ffm"]
[BlackTeam "SV 1934 Ffm-Griesheim"]

1. c4 Nf6 2. Nf3 e6 3. Nc3 d5 4. e3 Nbd7 5. b3 b6 6. Bb2 Bb7 7. cxd5 Nxd5 8.
Be2 N7f6 9. O-O Bb4 10. Nxd5 exd5 11. d4 O-O 12. Rc1 Ne4 13. a3 Bd6 14. b4 Qe7
15. Qb3 Rfd8 16. Rfd1 1/2-1/2

[Event "Sparkassen-Open A"]
[Site "Heusenstamm, Martinsee"]
[Date "2022.11.20"]
[Round "7.35"]
[White "von Wahden, Jens"]
[Black "Kardoeus, David"]
[Result "1/2-1/2"]
[WhiteElo "1684"]
[BlackElo "2167"]
[PlyCount "120"]
[EventDate "2022.??.??"]
[WhiteTeam "SV Oberursel"]
[BlackTeam "SV Werder Bremen"]

1. d4 Nf6 2. c4 g6 3. Nc3 Bg7 4. e4 d6 5. f3 O-O 6. Be3 c5 7. d5 e6 8. Nge2
exd5 9. cxd5 Nbd7 10. Qd2 Ne5 11. Nc1 Re8 12. Be2 a6 13. a4 b6 14. O-O Bd7 15.
Rb1 Qc7 16. h3 b5 17. axb5 axb5 18. Nxb5 Bxb5 19. Bxb5 Reb8 20. Be2 Rb4 21. Qc2
Nh5 22. Bd2 Qb6 23. Bxb4 cxb4+ 24. Kh2 g5 25. g3 Qe3 26. Qb3 Qb6 27. f4 Nxf4
28. gxf4 gxf4 29. Rxf4 Ng6 30. Rf3 Rc8 31. Nd3 Nh4 32. Rg3 Kh8 33. Rbg1 Bd4 34.
Rf1 f5 35. exf5 Re8 36. Qc2 b3 37. Qd2 Bf6 38. Bh5 Rc8 39. Rc1 Rd8 40. Rcg1 Qd4
41. Qe3 Nxf5 42. Qxd4 Bxd4 43. Re1 Nxg3 44. Kxg3 Rg8+ 45. Kh2 Rg5 46. Bf7 Rf5
47. Be6 Rf3 48. Rd1 h5 49. Kg2 Re3 50. Rd2 h4 51. Bg4 Rg3+ 52. Kf1 Rg1+ 53. Ke2
Rg2+ 54. Ke1 Rg1+ 55. Ke2 Rg2+ 56. Kd1 Rg1+ 57. Ne1 Bc5 58. Re2 Bb4 59. Re4 Ba5
60. Re2 Kg7 1/2-1/2

[Event "Sparkassen-Open A"]
[Site "Heusenstamm, Martinsee"]
[Date "2022.11.20"]
[Round "7.36"]
[White "Steinle, Carsten"]
[Black "Voss, Georg"]
[Result "1-0"]
[WhiteElo "2082"]
[BlackElo "1947"]
[PlyCount "155"]
[EventDate "2022.??.??"]
[WhiteTeam "SV Ahlen 1954"]
[BlackTeam "SV Meschede"]

1. Nf3 d5 2. b3 Nf6 3. Bb2 e6 4. e3 Be7 5. d4 O-O 6. Nbd2 b6 7. Bd3 Bb7 8. O-O
c5 9. Ne5 Na6 10. c3 cxd4 11. exd4 Rc8 12. Qe2 Nc7 13. f4 g6 14. Rae1 Bd6 15.
Rf3 Nce8 16. Rh3 Bb8 17. Qf2 Ng7 18. c4 dxc4 19. bxc4 b5 20. c5 a6 21. Rc1 Qd5
22. Bc2 Bxe5 23. fxe5 Ng4 24. Qe2 h5 25. Bb3 Qd8 26. Ne4 Bxe4 27. Qxe4 Nf5 28.
d5 exd5 29. Bxd5 Qe7 30. e6 f6 31. Rhc3 Kg7 32. h3 Ne5 33. c6 Nd6 34. Qb4 Qc7
35. Re3 Ndc4 36. Bxe5 Qa7 37. Kh2 Qxe3 38. Re1 Qa3 39. Qxa3 Nxa3 40. e7 Rfe8
41. Bb2 Nc4 42. Bd4 Ne5 43. Rxe5 fxe5 44. Bxe5+ Kh7 45. Bd6 a5 46. Kg3 b4 47.
Kf4 b3 48. Bxb3 Rxc6 49. Ke5 Rc3 50. Bf7 Rxe7+ 51. Bxe7 Rg3 52. Bd5 Re3+ 53.
Kf6 Re2 54. Bf3 Re3 55. Bc5 Re1 56. Bf2 Re8 57. Bc5 a4 58. Bd1 Rc8 59. Be7 Rc1
60. Bxa4 Rc8 61. Kf7 Rc4 62. Bd1 Rf4+ 63. Bf6 Rc4 64. Bf3 Rc7+ 65. Be7 Rc4 66.
Bd6 Rd4 67. Be5 Rb4 68. Kf6 Rb6+ 69. Kg5 Rb5 70. Kf4 Rb4+ 71. Be4 Ra4 72. Bf6
Ra5 73. h4 Ra4 74. Ke5 Ra5+ 75. Ke6 Ra6+ 76. Kf7 Ra7+ 77. Be7 Ra6 78. g4 1-0

[Event "Sparkassen-Open A"]
[Site "Heusenstamm, Martinsee"]
[Date "2022.11.20"]
[Round "7.37"]
[White "Bräutigam, Thomas"]
[Black "Makilla, Tobias"]
[Result "1-0"]
[WhiteElo "2051"]
[BlackElo "1939"]
[PlyCount "87"]
[EventDate "2022.??.??"]
[WhiteTeam "SV Würzburg von 1865"]
[BlackTeam "SC 1979 Hattersheim"]

1. d4 g6 2. Nf3 Bg7 3. g3 d6 4. Bg2 Nd7 5. O-O e5 6. c4 exd4 7. Nxd4 Ngf6 8.
Nc3 O-O 9. b3 Re8 10. Bb2 Nc5 11. Re1 c6 12. h3 Qc7 13. Rc1 Bd7 14. e4 Rad8 15.
Rc2 Ne6 16. Nxe6 Bxe6 17. Nd5 Bxd5 18. cxd5 c5 19. Qa1 Nh5 20. Rce2 Bxb2 21.
Qxb2 b5 22. Qc1 a5 23. g4 Nf6 24. f4 c4 25. Kh1 c3 26. Re3 b4 27. Bf1 Qb6 28.
Bc4 Re7 29. Qc2 Qd4 30. Rd3 Qc5 31. Rde3 Rde8 32. Qd3 Nd7 33. e5 Nb6 34. e6
fxe6 35. dxe6 Nxc4 36. bxc4 Rc8 37. f5 gxf5 38. gxf5 Kg7 39. Re4 Kf6 40. Qg3
Rg7 41. Qh4+ Rg5 42. e7 Qc6 43. Qh6+ Kxf5 44. Qe6# 1-0

[Event "Sparkassen-Open A"]
[Site "Heusenstamm, Martinsee"]
[Date "2022.11.20"]
[Round "7.38"]
[White "Ploder, Udo"]
[Black "Langedijk, Ardjan"]
[Result "1/2-1/2"]
[WhiteElo "1879"]
[BlackElo "2059"]
[PlyCount "54"]
[EventDate "2022.??.??"]
[WhiteTeam "SF Braunfels"]
[BlackTeam "Caissa Eenhorn"]

1. e4 e5 2. f4 exf4 3. Nf3 d6 4. d4 g5 5. Bc4 g4 6. Bxf4 gxf3 7. Qxf3 Be6 8. d5
Bd7 9. O-O Qf6 10. Qb3 b6 11. Nd2 Qd4+ 12. Be3 Qg7 13. e5 Bh3 14. Rf2 Be7 15.
Ne4 Qxe5 16. Nd2 Bf5 17. Nf3 Qg7 18. Bd4 f6 19. Re1 Nd7 20. Bb5 Kd8 21. Nh4 Bg4
22. h3 Qg5 23. hxg4 Qxh4 24. Bxd7 Kxd7 25. Qc3 Rf8 26. Qc6+ Kc8 27. Qa8+ Kd7
1/2-1/2

[Event "Sparkassen-Open A"]
[Site "Heusenstamm, Martinsee"]
[Date "2022.11.20"]
[Round "7.39"]
[White "Burkart, Lloyd Shang"]
[Black "Wilhelm, Jochen"]
[Result "0-1"]
[WhiteElo "1768"]
[BlackElo "2059"]
[PlyCount "120"]
[EventDate "2022.??.??"]
[WhiteTeam "SV 1920 Hofheim"]
[BlackTeam "SC 1970 Lorsch"]

1. d4 d5 2. c4 e6 3. Nf3 Nf6 4. g3 Bb4+ 5. Bd2 Be7 6. Bg2 O-O 7. O-O c6 8. Qc2
Nbd7 9. b3 b6 10. Nc3 Ba6 11. cxd5 cxd5 12. Rfe1 Rc8 13. Qb2 Bd6 14. e4 Nxe4
15. Nxe4 dxe4 16. Rxe4 Bd3 17. Re3 Rc2 18. Qb1 Bg6 19. Qe1 Ba3 20. Bb4 Bxb4 21.
Qxb4 Qc7 22. Nh4 Nf6 23. Nxg6 hxg6 24. h3 Rd8 25. Rd3 Nd5 26. Bxd5 Rxd5 27.
Rdd1 Qd8 28. Qe1 Rc6 29. Rd3 Rcd6 30. Rad1 Rd7 31. Qe3 e5 32. h4 Rxd4 33. Rxd4
exd4 34. Qd3 g5 35. hxg5 Qxg5 36. Qe4 Qd8 37. Rd3 g6 38. Kg2 Kg7 39. Kf3 Rd5
40. Kg2 Qd7 41. Qf4 f6 42. g4 Qd6 43. Qd2 Qe5 44. Rh3 Qe4+ 45. f3 Qe3 46. Qxe3
dxe3 47. a4 Rd2+ 48. Kf1 Rb2 49. f4 Rxb3 50. Ke2 Ra3 51. Rxe3 Rxe3+ 52. Kxe3
Kf7 53. Kd4 Ke6 54. Kc4 a6 55. Kd4 Kd6 56. f5 gxf5 57. gxf5 Kc6 58. Kc4 b5+ 59.
axb5+ axb5+ 60. Kb4 Kd6 0-1

[Event "Sparkassen-Open A"]
[Site "Heusenstamm, Martinsee"]
[Date "2022.11.20"]
[Round "7.40"]
[White "Simukov, Erik"]
[Black "Rönsch, Andreas"]
[Result "1-0"]
[WhiteElo "2000"]
[BlackElo "1935"]
[PlyCount "35"]
[EventDate "2022.??.??"]
[WhiteTeam "SVG CAISSA Kassel"]
[BlackTeam "SU Mühlheim"]

1. e4 e5 2. Nf3 Nc6 3. Bb5 f5 4. Nc3 fxe4 5. Nxe4 d5 6. Nxe5 dxe4 7. Nxc6 Qg5
8. Qe2 Nf6 9. f4 Qxf4 10. Nxa7+ Kd8 11. Nxc8 Kxc8 12. d4 Qh4+ 13. g3 Qh3 14.
Bf4 Qf5 15. Qc4 Nd5 16. O-O Nxf4 17. Rxf4 Qg6 18. Re1 1-0

[Event "Sparkassen-Open A"]
[Site "Heusenstamm, Martinsee"]
[Date "2022.11.20"]
[Round "7.41"]
[White "Gebhardt, Ulrich"]
[Black "Kürschner, Liam"]
[Result "0-1"]
[WhiteElo "2006"]
[BlackElo "1900"]
[PlyCount "122"]
[EventDate "2022.??.??"]
[WhiteTeam "SK Ettlingen"]
[BlackTeam "SK Langen"]

1. d4 Nf6 2. c4 c5 3. d5 b5 4. cxb5 a6 5. e3 g6 6. Nc3 Bg7 7. Nf3 O-O 8. a4 Bb7
9. Bc4 e6 10. d6 Ne8 11. e4 Qa5 12. e5 Qb4 13. Be2 Ra7 14. O-O Bxf3 15. Bxf3
Bxe5 16. Ne4 axb5 17. Bh6 Ng7 18. Bd2 Qd4 19. Be3 Qxd1 20. Rfxd1 Rxa4 21. Bxc5
Nc6 22. Rxa4 bxa4 23. Nc3 Na5 24. Nxa4 Nf5 25. g4 Nh4 26. Bh1 f5 27. g5 f4 28.
Be4 f3 29. Nb6 Rf4 30. Nxd7 Rxe4 31. Nxe5 Rxe5 32. d7 Rxg5+ 33. Kf1 Nc6 34. Be7
Rg4 35. Rc1 Rd4 36. Bxh4 Rxd7 37. Ke1 Ne5 38. Kf1 Rd2 39. b4 Nd3 40. Ra1 Nxb4
41. Kg1 Nd3 42. h3 e5 43. Ra7 e4 44. Re7 Re2 45. Bg3 Kf8 46. Rxh7 e3 47. fxe3
Rg2+ 48. Kf1 Rxg3 49. Rd7 Ne5 50. Rd5 Rg5 51. e4 Rh5 52. Kf2 Ke7 53. Kg3 Ke6
54. Rd2 Rh7 55. Ra2 Rd7 56. Ra6+ Rd6 57. Ra2 Kf6 58. h4 Kg7 59. Ra7+ Kh6 60.
Rc7 Rf6 61. Kf2 Ng4+ 0-1

[Event "Sparkassen-Open A"]
[Site "Heusenstamm, Martinsee"]
[Date "2022.11.20"]
[Round "7.42"]
[White "Schellenberger, Dirk"]
[Black "Minor, Viatcheslav"]
[Result "0-1"]
[WhiteElo "1799"]
[BlackElo "2025"]
[PlyCount "118"]
[EventDate "2022.??.??"]
[WhiteTeam "SC Aschaffenburg"]
[BlackTeam "SV Eisenach"]

1. e3 Nf6 2. b3 g6 3. Bb2 Bg7 4. c4 O-O 5. Nf3 d6 6. Be2 e5 7. d4 Nc6 8. O-O
Re8 9. Nc3 Qe7 10. d5 Nb8 11. e4 a5 12. Qc2 Na6 13. a3 Bd7 14. Ne1 Nc5 15. f3
a4 16. bxa4 Nxa4 17. Bc1 Nh5 18. Nxa4 Bxa4 19. Qc3 Nf4 20. Ra2 b6 21. Nd3 Nxe2+
22. Rxe2 Qd7 23. Bb2 f5 24. Rfe1 f4 25. Rb1 Rf8 26. Bc1 Qe8 27. Ra2 g5 28. Nb2
Bd7 29. Rba1 Qh5 30. a4 Ra5 31. Bd2 Rf6 32. Qc1 Rh6 33. Kf2 Qxh2 34. Qg1 Qh4+
35. Ke2 Ra8 36. a5 b5 37. Kd3 g4 38. Kc3 gxf3 39. gxf3 Rg6 40. Qf1 bxc4 41. Be1
Qd8 42. Qxc4 h5 43. Nd3 h4 44. Rh2 h3 45. Raa2 Bf6 46. a6 Kf7 47. Nb4 Rg1 48.
Bf2 Rc1+ 49. Rc2 Rxc2+ 50. Kxc2 Qc8 51. a7 Qb7 52. Nc6 Rg8 53. Qa2 Kg6 54. Nb8
Rxb8 55. axb8=Q Qxb8 56. Qb1 Qa8 57. Bg1 Qa3 58. Rf2 Ba4+ 59. Kd2 Qe3# 0-1

[Event "Sparkassen-Open A"]
[Site "Heusenstamm, Martinsee"]
[Date "2022.11.20"]
[Round "7.43"]
[White "Richter, Gerald"]
[Black "Bahlo, Jens"]
[Result "1-0"]
[WhiteElo "2006"]
[BlackElo "1898"]
[PlyCount "111"]
[EventDate "2022.??.??"]
[WhiteTeam "Siegener SV 1878"]
[BlackTeam "SK 1858 Gießen"]

1. d4 Nc6 2. Nf3 d5 3. g3 Bf5 4. Bg2 Nb4 5. Na3 e6 6. c3 Na6 7. Nc2 Nf6 8. O-O
Bd6 9. Nce1 Nd7 10. Nd3 O-O 11. Nh4 Bg4 12. Nf3 f6 13. Nf4 g5 14. Nd3 c5 15. b3
Nc7 16. Bb2 Qe7 17. Re1 Rad8 18. e4 cxd4 19. cxd4 dxe4 20. Rxe4 Bf5 21. Re2 Nd5
22. Qd2 N7b6 23. Rd1 h6 24. a4 Nb4 25. Nxb4 Bxb4 26. Bc3 Nd5 27. Bxb4 Qxb4 28.
Qxb4 Nxb4 29. Ne1 b6 30. h3 h5 31. Kh2 Kg7 32. Be4 Bxe4 33. Rxe4 Kf7 34. Ng2 a6
35. g4 Rc8 36. Ne3 hxg4 37. hxg4 Nd5 38. Nxd5 exd5 39. Re3 Rh8+ 40. Kg3 Rc2 41.
Rde1 Rcc8 42. Re7+ Kg6 43. R7e6 Rc3+ 44. R1e3 Rc1 45. Rxb6 Rg1+ 46. Kf3 Rh3+
47. Ke2 Rxe3+ 48. fxe3 Rxg4 49. Rxa6 Rg2+ 50. Kf3 Rb2 51. Rb6 Kf5 52. a5 g4+
53. Kg3 Re2 54. a6 Rxe3+ 55. Kf2 Rf3+ 56. Kg2 1-0

[Event "Sparkassen-Open A"]
[Site "Heusenstamm, Martinsee"]
[Date "2022.11.20"]
[Round "7.44"]
[White "Wachsmann, Dietmar"]
[Black "Root, Martin"]
[Result "1-0"]
[WhiteElo "1981"]
[BlackElo "1771"]
[PlyCount "59"]
[EventDate "2022.??.??"]
[WhiteTeam "SC Groß-Umstadt"]
[BlackTeam "Spvgg Böblingen"]

1. e4 c5 2. Nf3 e6 3. d4 cxd4 4. Nxd4 a6 5. Nc3 Qc7 6. Bd3 Nf6 7. O-O Nc6 8.
Nxc6 bxc6 9. f4 Bc5+ 10. Kh1 h5 11. e5 Ng4 12. Ne4 Qa7 13. Qe2 Be7 14. Bd2 Bb7
15. Rae1 c5 16. c4 Qb6 17. Be3 f5 18. exf6 gxf6 19. b4 Nxe3 20. Qxe3 f5 21.
Nxc5 Bxc5 22. bxc5 Qc6 23. Rf2 Rg8 24. Rg1 O-O-O 25. Be2 h4 26. Bf3 Qc7 27. Rb1
Bxf3 28. Qxf3 d5 29. cxd6 Qxd6 30. Qb7# 1-0

[Event "Sparkassen-Open A"]
[Site "Heusenstamm, Martinsee"]
[Date "2022.11.20"]
[Round "7.45"]
[White "Nerz, Lenard"]
[Black "Nickel, Jonas"]
[Result "1-0"]
[WhiteElo "1989"]
[BlackElo "1771"]
[PlyCount "93"]
[EventDate "2022.??.??"]
[WhiteTeam "Spvgg Böblingen"]
[BlackTeam "SD Büdingen-Wächtersbach"]

1. e4 c5 2. Nc3 Nc6 3. Bb5 g6 4. Bxc6 bxc6 5. f4 Bg7 6. Nf3 d6 7. d3 Nh6 8. O-O
O-O 9. Qe1 f6 10. Qh4 Nf7 11. Be3 Rb8 12. Na4 e5 13. fxe5 fxe5 14. b3 Qxh4 15.
Nxh4 Bh6 16. Rae1 Bxe3+ 17. Rxe3 Ng5 18. Rxf8+ Kxf8 19. Nb2 Ke7 20. Nc4 Bd7 21.
Rg3 Ne6 22. Nf3 Nf4 23. Kf2 Rf8 24. Ke3 Rf6 25. Nh4 Nh5 26. Rf3 Rxf3+ 27. Nxf3
Nf4 28. g3 Ne6 29. c3 Be8 30. h4 Bf7 31. Ncd2 h6 32. Nc4 Kd7 33. Kf2 Nc7 34.
Ke3 Be6 35. a4 Bg4 36. Ncd2 Bxf3 37. Kxf3 Ke6 38. Kg4 Ne8 39. Nc4 d5 40. Na5 d4
41. cxd4 exd4 42. Nxc6 a6 43. Kf4 Nf6 44. Nb8 g5+ 45. hxg5 hxg5+ 46. Kf3 Nd7
47. Nxd7 1-0

[Event "Sparkassen-Open A"]
[Site "Heusenstamm, Martinsee"]
[Date "2022.11.20"]
[Round "7.46"]
[White "Schultze, Jörg-Martin"]
[Black "Lutze, Max"]
[Result "0-1"]
[WhiteElo "1974"]
[BlackElo "1787"]
[PlyCount "96"]
[EventDate "2022.??.??"]
[WhiteTeam "SF Braunfels"]
[BlackTeam "MS Halver-Schalksmühle"]

1. d4 Nf6 2. c4 g6 3. Nc3 Bg7 4. e4 d6 5. Be2 O-O 6. Be3 e5 7. d5 Na6 8. g4 Nc5
9. f3 a5 10. h4 h5 11. g5 Ne8 12. Nh3 Bd7 13. Kd2 c6 14. Rc1 cxd5 15. cxd5 a4
16. Kc2 Qa5 17. Bd2 Qd8 18. Kb1 Nc7 19. Qf1 Qe7 20. Nb5 Bxb5 21. Bxb5 Ra7 22.
Rc3 Rfa8 23. Ra3 Ne8 24. Be3 Qc7 25. Bxe8 Rxe8 26. Qb5 Rc8 27. Rc1 Ra5 28. Qb4
b6 29. Nf2 Qd7 30. Qd2 Bf8 31. Qc2 Raa8 32. Rc3 Ra7 33. Nd3 Qh3 34. Bf2 Re8 35.
Nb4 Raa8 36. Qe2 Qh2 37. R3c2 a3 38. b3 Qf4 39. Rg1 Qh2 40. Qf1 Qf4 41. Qe2 Qh2
42. Rcc1 Qh3 43. Nc6 Qc8 44. b4 Na4 45. Qb5 Qh3 46. Qd3 Nb2 47. Qe2 Na4 48. Rh1
Qxh1 0-1

[Event "Sparkassen-Open A"]
[Site "Heusenstamm, Martinsee"]
[Date "2022.11.20"]
[Round "7.48"]
[White "Minor, Samuel"]
[Black "Francke, Helmut"]
[Result "1/2-1/2"]
[WhiteElo "2210"]
[BlackElo "1892"]
[PlyCount "60"]
[EventDate "2022.??.??"]
[WhiteTeam "Wiesbadener SV 1885"]
[BlackTeam "SC Bad Nauheim"]

1. e4 c5 2. Nf3 d6 3. d4 cxd4 4. Nxd4 Nf6 5. Nc3 g6 6. f3 Bg7 7. Be3 O-O 8. Qd2
Nc6 9. Bc4 Bd7 10. O-O-O Rc8 11. Bb3 Na5 12. h4 b5 13. Kb1 Nc4 14. Bxc4 bxc4
15. Ka1 h5 16. g4 hxg4 17. h5 Nxh5 18. fxg4 Bxg4 19. Rdg1 Qd7 20. Qg2 Nf6 21.
Rh4 Qb7 22. Rb1 e5 23. Nde2 Be6 24. Bg5 d5 25. exd5 Nxd5 26. Nxd5 Bxd5 27. Qf2
f5 28. Bh6 Be4 29. Bxg7 Qxg7 30. Nc3 Ba8 1/2-1/2

[Event "Sparkassen-Open A"]
[Site "Heusenstamm, Martinsee"]
[Date "2022.11.20"]
[Round "7.49"]
[White "Stork, Christopher"]
[Black "Buchholz, Maja Patricia"]
[Result "1-0"]
[WhiteElo "2021"]
[BlackElo "1695"]
[PlyCount "67"]
[EventDate "2022.??.??"]
[WhiteTeam "SV Oberursel"]
[BlackTeam "Wiesbadener SV 1885"]

1. e4 e6 2. d4 d5 3. Nd2 Nf6 4. e5 Nfd7 5. f4 c5 6. c3 Be7 7. Bd3 Nc6 8. Ne2
O-O 9. Nf3 a6 10. O-O b5 11. f5 exf5 12. Bxf5 Nb6 13. Bb1 f6 14. Bf4 fxe5 15.
dxe5 Ra7 16. Bd3 Bf5 17. Bg3 Qd7 18. Bxf5 Qxf5 19. Qd2 Qd7 20. Rad1 Rd8 21. b3
a5 22. Qc1 a4 23. Nf4 d4 24. Bf2 axb3 25. axb3 g5 26. Nh5 g4 27. Nh4 Qe6 28.
Bg3 Nd5 29. Nf5 Bf8 30. cxd4 cxd4 31. Nxd4 Nxd4 32. Qg5+ Qg6 33. Qxd8 Ne6 34.
Qxd5 1-0

[Event "Sparkassen-Open A"]
[Site "Heusenstamm, Martinsee"]
[Date "2022.11.20"]
[Round "7.50"]
[White "Lotz, Ralf"]
[Black "Weiss, Matthias"]
[Result "1/2-1/2"]
[WhiteElo "1890"]
[BlackElo "2030"]
[PlyCount "104"]
[EventDate "2022.??.??"]
[WhiteTeam "SC 1952 Obertshausen"]
[BlackTeam "SF Schöneck"]

1. d4 Nf6 2. Nf3 g6 3. c4 Bg7 4. Nc3 d5 5. cxd5 Nxd5 6. e4 Nxc3 7. bxc3 c5 8.
Bb5+ Nd7 9. O-O O-O 10. e5 Qa5 11. Qb3 a6 12. Bc4 e6 13. Be3 b5 14. Be2 cxd4
15. cxd4 Bb7 16. Bd2 Qb6 17. Qb4 Rfc8 18. Rfc1 Bf8 19. Qb2 Bd5 20. Be3 Qb7 21.
Ne1 Nb6 22. Bf3 Bxf3 23. Nxf3 Nc4 24. Qb3 Qd5 25. Bg5 h6 26. Bf6 Nb6 27. Qd3
Rc4 28. Rd1 Rac8 29. Nh4 Kh7 30. Nf3 Qc6 31. h4 Rc3 32. Qb1 Nd5 33. h5 Bg7 34.
hxg6+ fxg6 35. Bxg7 Kxg7 36. Qe4 Rf8 37. Nh4 Nf4 38. Qxc6 Rxc6 39. g3 Nd5 40.
Rd2 g5 41. Ng2 Kg6 42. Ne3 Nxe3 43. fxe3 Rc3 44. Re1 Rf3 45. Kg2 g4 46. d5 exd5
47. Rxd5 Rc2+ 48. Kh1 Rxa2 49. e4 Rxg3 50. Rd6+ Kg5 51. e6 Kf6 52. e5+ Kg5
1/2-1/2

[Event "Sparkassen-Open A"]
[Site "Heusenstamm, Martinsee"]
[Date "2022.11.20"]
[Round "7.51"]
[White "Winter, Lars"]
[Black "Woestmann, Ulrich"]
[Result "1/2-1/2"]
[WhiteElo "1880"]
[BlackElo "1991"]
[PlyCount "27"]
[EventDate "2022.??.??"]
[WhiteTeam "SV Fechenheim"]
[BlackTeam "SV Ahlen 1954"]

1. e4 c5 2. Nf3 d6 3. d4 cxd4 4. Nxd4 Nf6 5. Nc3 a6 6. Bg5 e6 7. f4 Be7 8. Qf3
h6 9. Bh4 Nbd7 10. O-O-O Qc7 11. Bd3 g5 12. fxg5 Ne5 13. Qe2 Nfg4 14. h3
1/2-1/2

[Event "Sparkassen-Open A"]
[Site "Heusenstamm, Martinsee"]
[Date "2022.11.20"]
[Round "7.52"]
[White "Kempe, Caius Emilian"]
[Black "Mehlen, Theodor"]
[Result "1-0"]
[WhiteElo "2001"]
[BlackElo "1827"]
[PlyCount "65"]
[EventDate "2022.??.??"]
[WhiteTeam "USV TU Dresden"]
[BlackTeam "SC Matt im Park Ffm"]

1. d4 d5 2. c4 e6 3. Nc3 Nf6 4. cxd5 exd5 5. Bg5 Be7 6. e3 O-O 7. Bd3 c6 8. Qc2
h6 9. Bh4 Nbd7 10. Nge2 Re8 11. O-O Nb6 12. Rae1 Be6 13. f3 Nc4 14. Bf2 Bd6 15.
h3 Nh5 16. e4 Nf4 17. Nxf4 Bxf4 18. Ne2 Be3 19. e5 Bxf2+ 20. Rxf2 Qg5 21. f4
Qh5 22. f5 Bd7 23. Nf4 Qh4 24. Ree2 Rf8 25. Kh2 Qg5 26. g3 Rae8 27. e6 Bc8 28.
Bxc4 dxc4 29. exf7+ Kxf7 30. Qxc4+ Kf6 31. Ne6 Rxe6 32. Rxe6+ Bxe6 33. Qxe6#
1-0

[Event "Sparkassen-Open A"]
[Site "Heusenstamm, Martinsee"]
[Date "2022.11.20"]
[Round "7.53"]
[White "Reinecke, Katharina"]
[Black "Akhmatovski, Maxim"]
[Result "0-1"]
[WhiteElo "1875"]
[BlackElo "1934"]
[PlyCount "68"]
[EventDate "2022.??.??"]
[WhiteTeam "SK Langen"]
[BlackTeam "SV Oberursel"]

1. d4 Nf6 2. Nf3 c5 3. c3 cxd4 4. cxd4 d5 5. Nc3 Nc6 6. Bf4 Bf5 7. e3 e6 8. Be2
Bd6 9. Bxd6 Qxd6 10. O-O O-O 11. Nh4 Bg6 12. Nxg6 hxg6 13. a3 Rfc8 14. Rc1 Na5
15. Nb5 Qb6 16. b4 Nc4 17. Bxc4 dxc4 18. Nc3 Rd8 19. Qe2 Rac8 20. Rfd1 a6 21.
Na4 Qc6 22. Qc2 b6 23. Nc3 b5 24. f3 Qb6 25. Ne4 e5 26. Nc5 exd4 27. Rxd4 Rxd4
28. exd4 Rd8 29. Qf2 Rd5 30. Rd1 a5 31. bxa5 Qxc5 32. dxc5 Rxd1+ 33. Qf1 Rxf1+
34. Kxf1 Nd5 0-1

[Event "Sparkassen-Open A"]
[Site "Heusenstamm, Martinsee"]
[Date "2022.11.20"]
[Round "7.54"]
[White "Benninger, Rudolf"]
[Black "Busch, Malte"]
[Result "1-0"]
[WhiteElo "1978"]
[BlackElo "1823"]
[PlyCount "51"]
[EventDate "2022.??.??"]
[WhiteTeam "SC Heusenstamm"]
[BlackTeam "SC 1979 Hattersheim"]

1. e4 Nf6 2. e5 Nd5 3. d4 d6 4. c4 Nb6 5. exd6 cxd6 6. Nc3 g6 7. Be3 Bg7 8. Rc1
O-O 9. b3 e5 10. Nf3 Nc6 11. Be2 d5 12. c5 exd4 13. Nxd4 Nd7 14. O-O Re8 15.
Bf3 Nde5 16. Bxd5 Nb4 17. Ndb5 Ned3 18. Nd6 Nxc1 19. Bxf7+ Kh8 20. Bxe8 Be6 21.
Qxc1 Nd3 22. Qd2 Ne5 23. Nce4 Qh4 24. Bg5 Qg4 25. f3 Qh5 26. Ng3 1-0

[Event "Sparkassen-Open A"]
[Site "Heusenstamm, Martinsee"]
[Date "2022.11.20"]
[Round "7.56"]
[White "Bäumer, Frank"]
[Black "Markosyan, Aleksandr"]
[Result "0-1"]
[WhiteElo "1914"]
[BlackElo "1805"]
[PlyCount "68"]
[EventDate "2022.??.??"]
[WhiteTeam "Gambit Gusenburg"]
[BlackTeam "SG Idstein"]

1. e4 c5 2. Nf3 g6 3. c4 Bg7 4. d4 cxd4 5. Nxd4 Nc6 6. Be3 Nf6 7. Nc3 d6 8. f3
O-O 9. Qd2 Bd7 10. Be2 Rc8 11. O-O Nxd4 12. Bxd4 a5 13. Qe3 Rc6 14. Nb5 Be6 15.
c5 dxc5 16. Bxc5 Nd7 17. Bd4 Bxd4 18. Nxd4 Qb6 19. Qf2 Rc5 20. Nxe6 Qxe6 21. b3
Rfc8 22. Bc4 Qc6 23. Bd5 Qc7 24. f4 Rc2 25. Qh4 e6 26. Bc4 b5 27. Bd3 Rc3 28.
Rad1 b4 29. Bb1 Nc5 30. f5 e5 31. Rd5 Qb6 32. Kh1 Nb7 33. Qg5 Qf2 34. Rfd1 Re3
0-1